[Event "Schwarzacher Open A"]
[Site "Schwarzach"]
[Date "1999.08.27"]
[Round "7.3"]
[White "Bagaturov, Giorgi"]
[Black "Balinov, Ilia"]
[Result "0-1"]
[WhiteElo "2532"]
[BlackElo "2448"]
[PlyCount "110"]
[EventDate "1999.08.??"]

1. Nf3 Nf6 2. d4 g6 3. c4 Bg7 4. g3 d5 5. Bg2 dxc4 6. O-O O-O 7. Na3 Nc6 8.
Nxc4 Be6 9. b3 a5 10. Bb2 Bd5 11. a4 Nb4 12. Qd2 c5 13. Rac1 b6 14. Rfd1 Qb8
15. dxc5 bxc5 16. Be5 Qb7 17. Qb2 Bh6 18. Ncd2 Nd7 19. Bc3 Bc6 20. Qb1 Rfd8 21.
Ne1 Bxg2 22. Nxg2 Qa6 23. e3 Nd3 24. Rc2 Nb6 25. Ba1 Rab8 26. Nf3 {#} 26...
Nxa4 27. Ne5 Bg7 28. Rcd2 Bxe5 29. Bxe5 c4 30. Bxb8 Nc3 31. Qc2 Nxd1 32. Bc7
Rd7 33. Rxd1 Nb4 34. Qc1 Rxc7 35. bxc4 Rxc4 36. Qa3 Nc6 37. Nf4 Qb5 38. Nd5 Qc5
39. Qa1 a4 40. Kg2 h5 41. h4 Kh7 42. Nf4 Qe5 43. Qxe5 Nxe5 44. Nd3 Nxd3 45.
Rxd3 Rc7 46. Ra3 Ra7 47. Kf3 Kg7 48. Ke4 Kf6 49. f3 Ke6 50. g4 hxg4 51. fxg4
f5+ 52. gxf5+ gxf5+ 53. Kd4 Kf6 54. Kd5 Ra5+ 55. Kd4 Re5 0-1

[Event "Schwarzacher Open A"]
[Site "Schwarzach"]
[Date "1999.08.27"]
[Round "7.4"]
[White "Klovans, Janis"]
[Black "Gorbatow, Alexej"]
[Result "1-0"]
[WhiteElo "2465"]
[BlackElo "2353"]
[PlyCount "115"]
[EventDate "1999.08.??"]

1. e4 e5 2. Nf3 Nc6 3. Bb5 Nf6 4. O-O Nxe4 5. d4 Nd6 6. Bxc6 dxc6 7. dxe5 Nf5
8. Qxd8+ Kxd8 9. Nc3 Ke8 10. h3 h5 11. Bg5 Be6 12. Rfd1 Be7 13. Ne2 Bd5 14.
Bxe7 Bxf3 15. gxf3 Kxe7 16. Rd3 Rad8 17. Rad1 Rxd3 18. Rxd3 Ke6 19. f4 h4 20.
Kg2 f6 21. exf6 gxf6 22. Kf3 c5 23. Rc3 Kd5 24. Kg4 Nd6 25. Rd3+ Kc6 26. b3 b5
27. Re3 Rg8+ 28. Kf3 Kd7 29. Rd3 Ke6 30. Nc3 Rg7 31. Re3+ Kf7 32. Nd5 Nf5 33.
Rc3 c6 34. Ne3 Nd4+ 35. Ke4 Ne6 36. Rd3 Ke8 37. Nf5 Rg1 {#} 38. Rd6 Re1+ 39.
Kf3 Kf7 40. Rd7+ Kf8 41. Rxa7 Rc1 42. Ne3 Nd4+ 43. Ke4 Nxc2 44. Kf5 Nxe3+ 45.
fxe3 Re1 46. Kxf6 Rxe3 47. Ra8+ Re8 48. Rxe8+ Kxe8 49. Ke5 Kd7 50. Ke4 Ke6 51.
a4 c4 52. a5 cxb3 53. Kd3 b4 54. a6 c5 55. a7 c4+ 56. Kd2 c3+ 57. Kc1 b2+ 58.
Kb1 1-0

[Event "Schwarzacher Open A"]
[Site "Schwarzach"]
[Date "1999.08.27"]
[Round "7.5"]
[White "Renner, Christoph"]
[Black "Tratar, Marko"]
[Result "1/2-1/2"]
[WhiteElo "2448"]
[BlackElo "2442"]
[PlyCount "39"]
[EventDate "1999.08.??"]

1. d4 Nf6 2. Nf3 g6 3. Bf4 Bg7 4. e3 d6 5. h3 O-O 6. c3 Nbd7 7. Bc4 e6 8. O-O
Qe7 9. Bh2 e5 10. b4 a5 11. b5 b6 12. Be2 Bb7 13. Nbd2 Ne8 14. Qb3 Kh8 15. dxe5
dxe5 16. Rad1 Nd6 17. Qa3 Nc5 18. Nb3 Nce4 19. Nbd2 Nc5 20. Nb3 1/2-1/2

[Event "Schwarzacher Open A"]
[Site "Schwarzach"]
[Date "1999.08.27"]
[Round "7.6"]
[White "Meijers, Viesturs"]
[Black "Staller, Peter"]
[Result "1/2-1/2"]
[WhiteElo "2472"]
[BlackElo "2310"]
[PlyCount "65"]
[EventDate "1999.08.??"]

1. e4 g6 2. d4 c6 3. Nc3 d5 4. Be2 Bg7 5. Nf3 dxe4 6. Nxe4 Nf6 7. Nxf6+ exf6 {#
} 8. Be3 O-O 9. Qd2 Re8 10. O-O-O Nd7 11. d5 c5 12. d6 f5 13. c3 Qa5 14. Bc4
Nb6 15. Bb3 Be6 16. Kb1 Nc4 17. Qd3 Nxe3 18. fxe3 Rad8 19. Bxe6 Rxe6 20. Ng5
Rexd6 21. Qxd6 Rxd6 22. Rxd6 Be5 23. Rd5 Bf6 24. Nf3 Qb5 25. Kc2 Qa4+ 26. Kc1
Qxa2 27. Rhd1 Qa1+ 28. Kc2 Qa4+ 29. Kd2 Qb3 30. Kc1 b6 31. Rd6 Bxc3 32. bxc3
Qxc3+ 33. Kb1 1/2-1/2

[Event "Schwarzacher Open A"]
[Site "Schwarzach"]
[Date "1999.08.27"]
[Round "7.7"]
[White "Soln, Primoz"]
[Black "Ter-Minasjan, Dmitry"]
[Result "0-1"]
[WhiteElo "2411"]
[BlackElo "2292"]
[PlyCount "78"]
[EventDate "1999.08.??"]

1. d4 d5 2. c4 c6 3. Nc3 Nf6 4. Nf3 dxc4 5. a4 Bg4 6. Ne5 Bh5 7. f3 e6 8. g4
Nfd7 9. Nxd7 Qh4+ 10. Kd2 Nxd7 11. gxh5 Nc5 12. Kc2 Nb3 13. Be3 Rd8 14. Qe1
Nxa1+ 15. Qxa1 Be7 16. Rg1 Qxh5 17. Qa2 Qxh2 18. Qxc4 h5 19. Rg2 Qh3 20. Rg1
Qf5+ 21. Qd3 g6 22. Ne4 h4 23. Nf2 Bf6 24. Rg4 Qa5 25. b3 Qe1 26. Bh3 {#} 26...
e5 27. Re4 Bg7 28. Ng4 Rh5 29. f4 f5 30. Rxe5+ Bxe5 31. Nxe5 Qh1 32. Qc4 Rd5
33. Qb4 Rh7 34. Nxg6 Rf7 35. Ne5 Qxh3 36. Nxf7 Qxe3 37. Nd6+ Kd7 38. Qxb7+ Kxd6
39. Qb8+ Ke7 0-1

[Event "Schwarzacher Open A"]
[Site "Schwarzach"]
[Date "1999.08.27"]
[Round "7.8"]
[White "Piven, Igor"]
[Black "Hanko, Pavol"]
[Result "1/2-1/2"]
[WhiteElo "2387"]
[BlackElo "2266"]
[PlyCount "88"]
[EventDate "1999.08.??"]

1. d4 Nf6 2. Nf3 g6 3. c4 Bg7 4. Nc3 O-O 5. Bf4 d6 6. e3 Nbd7 7. h3 Re8 8. Be2
Nf8 9. Qc2 c6 10. e4 Nh5 11. Bg5 Ne6 12. Be3 Nef4 13. Bf1 e5 14. O-O-O Qa5 15.
Nd2 f5 16. Nb3 Qc7 17. dxe5 dxe5 18. g3 Ne6 19. exf5 Nd4 20. Bxd4 Bxf5 21. Bd3
exd4 22. Ne4 a5 23. a3 a4 24. Nbd2 c5 25. Ng5 Bxd3 26. Qxd3 b5 27. Rhe1 b4 28.
Qf3 Nf6 29. Re6 Rxe6 30. Nxe6 Qc8 31. Re1 Ra7 32. Nf4 bxa3 33. bxa3 Qd8 34. Qc6
Re7 35. Ne4 Nxe4 36. Rxe4 Rxe4 37. Qxe4 Bh6 38. Kc2 Bxf4 39. Qxf4 Qe7 40. Kd3
Kg7 41. g4 h6 42. Qf3 Qe5 43. Qb7+ Kf6 44. Qb6+ Kg5 1/2-1/2

[Event "Schwarzacher Open A"]
[Site "Schwarzach"]
[Date "1999.08.27"]
[Round "7.9"]
[White "Jurkovic, Hrvoje"]
[Black "Djurkovic, Maks"]
[Result "1-0"]
[WhiteElo "2370"]
[BlackElo "2147"]
[PlyCount "67"]
[EventDate "1999.08.??"]

1. e4 d5 2. Nc3 dxe4 3. Nxe4 Qd5 4. Ng3 h5 5. c4 Qe6+ 6. Qe2 Nf6 7. h4 c5 8. d4
cxd4 9. Nf3 Nc6 10. Bf4 Qg4 11. Qd2 e5 12. Nxe5 Bb4 13. Nxg4 Bxd2+ 14. Kxd2
Bxg4 15. Bd3 O-O-O 16. Nf5 Bxf5 17. Bxf5+ Nd7 18. Rhe1 Rde8 19. a3 g6 20. Bxd7+
Kxd7 21. b4 Re6 22. Kd3 Rhe8 23. Rxe6 Rxe6 24. g3 f5 25. b5 Ne5+ 26. Kxd4 Nf3+
27. Kc3 Re2 28. Be3 b6 29. a4 f4 30. gxf4 Nxh4 {#} 31. Kd3 Rb2 32. Bd4 Rb3+ 33.
Bc3 Ng2 34. Kc2 1-0

[Event "Schwarzacher Open A"]
[Site "Schwarzach"]
[Date "1999.08.27"]
[Round "7.10"]
[White "Brumen, Dinko"]
[Black "Kranz, Armin"]
[Result "1-0"]
[WhiteElo "2360"]
[BlackElo "2202"]
[PlyCount "63"]
[EventDate "1999.08.??"]

1. d4 Nf6 2. c4 e6 3. Nc3 Bb4 4. e3 c5 5. Nge2 cxd4 6. exd4 O-O 7. a3 Be7 8. d5
exd5 9. cxd5 Re8 10. g3 Bc5 11. Bg2 d6 12. h3 Bf5 13. O-O Nbd7 14. Nf4 a6 15.
g4 Be4 {#} 16. Ne6 fxe6 17. Nxe4 Nxe4 18. Bxe4 Qh4 19. dxe6 Qg3+ 20. Bg2 Ne5
21. b4 Bd4 22. Be3 Bxe3 23. fxe3 Rxe6 24. Qd5 Rae8 25. Rac1 h5 26. gxh5 Qxe3+
27. Kh2 Nd3 28. Rc7 Ne1 29. Rff7 Qh6 30. Qxb7 Kh8 31. Rxg7 Qf4+ 32. Kh1 1-0

[Event "Schwarzacher Open A"]
[Site "Schwarzach"]
[Date "1999.08.27"]
[Round "7.11"]
[White "Dittmar, Peter"]
[Black "Hicker, Harald"]
[Result "1/2-1/2"]
[WhiteElo "2363"]
[BlackElo "2133"]
[PlyCount "82"]
[EventDate "1999.08.??"]

1. d4 d5 2. c4 c6 3. Nc3 Nf6 4. Bg5 e6 5. cxd5 exd5 6. e3 h6 7. Bh4 Be7 8. Qc2
O-O 9. Bd3 Re8 10. Nge2 a5 11. O-O Na6 12. a3 Ne4 13. Bxe7 Qxe7 14. Na4 Qc7 15.
Nf4 Nf6 16. Rfc1 Nb8 17. Qb3 Be6 18. Nxe6 fxe6 19. f4 Nbd7 20. Rc3 Rab8 21.
Rac1 Rec8 22. Qc2 Qd6 23. h3 Kh8 24. Qe2 Rg8 25. Nc5 Nxc5 26. Rxc5 Ra8 27. Qe1
{#} 27... g5 28. fxg5 Rxg5 29. Qh4 Qg3 30. Qxg3 Rxg3 31. Kf2 Rg7 32. R5c2 Nd7
33. Kg1 e5 34. Bf5 exd4 35. exd4 Re8 36. Rf1 Nf6 37. Rf4 Re1+ 38. Kh2 Rge7 39.
Bd3 Ne4 40. Bxe4 R7xe4 41. Rxe4 Rxe4 1/2-1/2

[Event "Schwarzacher Open A"]
[Site "Schwarzach"]
[Date "1999.08.27"]
[Round "7.12"]
[White "Rolletschek, Heinrich"]
[Black "Donegani, Peter"]
[Result "1/2-1/2"]
[WhiteElo "2291"]
[BlackElo "2119"]
[PlyCount "78"]
[EventDate "1999.08.??"]

1. e4 d5 2. exd5 Qxd5 3. Nc3 Qa5 4. d4 Nf6 5. Bc4 Bg4 6. Nge2 Nc6 7. f3 Bf5 8.
Bd2 O-O-O 9. Bxf7 Nxd4 10. Nxd4 Rxd4 11. Qe2 e5 12. Bb3 Bb4 13. O-O Rhd8 14.
Rad1 e4 15. a3 {#} 15... exf3 16. Rxf3 Bxc3 17. bxc3 Re4 18. Re3 Bg4 19. Rxe4
Bxe2 20. Rxe2 Qh5 21. Rde1 b6 22. Re5 Qxe5 23. Rxe5 Rxd2 24. Re7 g5 25. Rf7 Rd6
26. Kf2 h6 27. Kf3 Rc6 28. Ke2 Rd6 29. Bc4 Kb7 30. Bd3 a6 31. g3 b5 32. h4 gxh4
33. gxh4 Kb6 34. Rf8 Kc5 35. Rh8 Nd5 36. Kd2 Nb6 37. Kc1 Na4 38. Rh7 c6 39. Kd2
Nb6 1/2-1/2

[Event "Schwarzacher Open A"]
[Site "Schwarzach"]
[Date "1999.08.27"]
[Round "7.13"]
[White "Doric, Nenad"]
[Black "Sebenik, Matej"]
[Result "1/2-1/2"]
[WhiteElo "2265"]
[BlackElo "2194"]
[PlyCount "81"]
[EventDate "1999.08.??"]

1. e4 c5 2. b4 cxb4 3. d4 d5 4. e5 Bf5 5. a3 e6 6. axb4 Bxb4+ 7. c3 Be7 8. Ne2
Nc6 9. Ng3 Bg6 10. Be2 f6 11. f4 Nh6 12. O-O O-O 13. Ba3 fxe5 14. fxe5 Rxf1+
15. Nxf1 Qd7 16. Bxe7 Qxe7 17. Na3 Rf8 18. Nb5 a6 19. Nd6 Nf7 20. Qb3 {#} 20...
Nxd6 21. exd6 Qxd6 22. Qxb7 Qf4 23. Qxc6 Qf2+ 24. Kh1 Qxe2 25. Ng3 Qe3 26. Qxa6
Qxc3 27. Qxe6+ Bf7 28. Qe1 Qxd4 29. Rd1 Qg4 30. h3 Qe4 31. Ne2 Qe3 32. Nd4
Qxe1+ 33. Rxe1 Ra8 34. Re2 Bg6 35. Rd2 Be4 36. Kg1 Ra3 37. Kf2 Kf7 38. Nb5 Rb3
39. Nd6+ Ke6 40. Nxe4 dxe4 41. Rd4 1/2-1/2

[Event "Schwarzacher Open A"]
[Site "Schwarzach"]
[Date "1999.08.27"]
[Round "7.14"]
[White "Wieser, Rupert"]
[Black "Ljubic, Juro"]
[Result "1/2-1/2"]
[WhiteElo "2124"]
[BlackElo "2265"]
[PlyCount "28"]
[EventDate "1999.08.??"]

1. d4 Nf6 2. c4 e6 3. Nf3 b6 4. a3 Bb7 5. Nc3 d5 6. Qc2 Be7 7. cxd5 exd5 8. g3
Ne4 9. Bg2 O-O 10. Ne5 f6 11. Nd3 Re8 12. Nf4 Bf8 13. Bh3 Nxc3 14. bxc3 Qd6
1/2-1/2

[Event "Schwarzacher Open A"]
[Site "Schwarzach"]
[Date "1999.08.27"]
[Round "7.15"]
[White "Burger, Andreas"]
[Black "Hoellrigl, Wilfried"]
[Result "1-0"]
[WhiteElo "2090"]
[BlackElo "2225"]
[PlyCount "75"]
[EventDate "1999.08.??"]

1. e4 c5 2. Nf3 Nc6 3. d4 cxd4 4. Nxd4 Nf6 5. Nc3 e5 6. Ndb5 d6 7. Bg5 a6 8.
Bxf6 gxf6 9. Na3 b5 10. Nd5 f5 11. Bxb5 axb5 12. Nxb5 Ra4 13. Nbc7+ Kd7 14. O-O
Qg5 15. Nb5 Ra6 16. exf5 Rg8 17. Qf3 Ne7 18. c4 Nxf5 19. Nbc3 Kd8 20. Ne4 Qh4
21. Ng3 Rg5 22. Qb3 Nd4 23. Qb8 Rc6 24. Rad1 Rg6 25. b4 Rh6 26. h3 Rg6 27. b5
Rxc4 28. Rfe1 Nf3+ 29. gxf3 Rxg3+ 30. Kf1 Qxh3+ 31. Ke2 Rc2+ 32. Rd2 Rxd2+ 33.
Kxd2 {#} 33... Bh6+ 34. Kd1 Bg5 35. fxg3 Qf5 36. Qxd6+ Bd7 37. Qc7+ Ke8 38.
Rxe5+ 1-0

[Event "Schwarzacher Open A"]
[Site "Schwarzach"]
[Date "1999.08.27"]
[Round "7.17"]
[White "Sandner, Gunter"]
[Black "Herndl, Gerald"]
[Result "1/2-1/2"]
[WhiteElo "2374"]
[BlackElo "2095"]
[PlyCount "84"]
[EventDate "1999.08.??"]

1. d4 d5 2. Nf3 e6 3. g3 c5 4. Bg2 Nf6 5. O-O Nc6 6. c4 Be7 7. cxd5 Nxd5 8.
dxc5 Bxc5 9. a3 a6 10. e4 Nf6 11. Nc3 Qxd1 12. Rxd1 e5 13. b4 Ba7 14. b5 axb5
15. Nxb5 O-O 16. Nxa7 Rxa7 17. Be3 Ra4 18. Bc5 Re8 19. Nd2 Rd8 20. Bf1 Nd4 21.
f3 Bd7 22. Kf2 Bc6 23. Nc4 Raa8 24. Bb6 Re8 25. Bxd4 exd4 26. Rxd4 Ra4 27. Rdd1
Kf8 28. Rab1 Bxe4 29. fxe4 Nxe4+ 30. Kf3 Nc3 31. Rdc1 Nxb1 32. Rxb1 Rc8 33. Rb4
Rxb4 34. axb4 b5 35. Ne5 Rc3+ 36. Nd3 Rc4 37. Ke3 Ke7 38. Ne5 Rc2 39. h4 f6 40.
Nd3 Kd6 41. Be2 g6 42. g4 Rc4 1/2-1/2

[Event "Schwarzacher Open A"]
[Site "Schwarzach"]
[Date "1999.08.27"]
[Round "7.19"]
[White "Jocys, Dalius"]
[Black "Wingender, Hans_peter"]
[Result "1/2-1/2"]
[WhiteElo "2217"]
[BlackElo "1933"]
[PlyCount "30"]
[EventDate "1999.08.??"]

1. d4 Nf6 2. c4 e6 3. Nc3 Bb4 4. e3 b6 5. Nge2 Bb7 6. a3 Be7 7. d5 a5 8. Nf4
O-O 9. Be2 Na6 10. O-O Nc5 11. b3 Nfe4 12. Nxe4 Nxe4 13. Bb2 Bf6 14. Qc2 Bxb2
15. Qxb2 Qf6 1/2-1/2

[Event "Schwarzacher Open A"]
[Site "Schwarzach"]
[Date "1999.08.28"]
[Round "8.1"]
[White "Burmakin, Vladimir"]
[Black "Balinov, Ilia"]
[Result "0-1"]
[WhiteElo "2579"]
[BlackElo "2448"]
[PlyCount "56"]
[EventDate "1999.08.??"]

1. d4 Nf6 2. Nf3 g6 3. g3 Bg7 4. Bg2 d5 5. O-O O-O 6. c4 c6 7. Qb3 Qb6 8. Nc3
dxc4 9. Qxc4 Na6 10. e4 Bg4 11. Be3 Qxb2 12. Rab1 Qa3 13. Rb3 Qa5 14. Rxb7 Be6
15. Qd3 Rfd8 16. Qc2 Ng4 17. Bd2 Nb4 18. Qb1 c5 {#} 19. Rb5 Qa6 20. Rxc5 Nd3
21. Rb5 Bc4 22. Rb7 Rxd4 23. Nxd4 Bxd4 24. Rb8+ Rxb8 25. Qxb8+ Kg7 26. Nd1 Qf6
27. Be3 Ndxf2 28. Rxf2 {#} 28... Bxe3 0-1

[Event "Schwarzacher Open A"]
[Site "Schwarzach"]
[Date "1999.08.28"]
[Round "8.2"]
[White "Klovans, Janis"]
[Black "Shchekachev, Andrei"]
[Result "0-1"]
[WhiteElo "2465"]
[BlackElo "2505"]
[PlyCount "70"]
[EventDate "1999.08.??"]

1. e4 c5 2. Nf3 Nc6 3. d4 cxd4 4. Nxd4 Qc7 5. Nc3 e6 6. Be2 a6 7. O-O b5 8.
Nxc6 dxc6 9. f4 Bb7 10. Bf3 Be7 11. Be3 c5 12. Qe2 b4 13. Na4 Nf6 14. c3 {#}
14... Bxe4 15. cxb4 cxb4 16. Bxe4 Nxe4 17. Rac1 Qb7 18. f5 exf5 19. Rxf5 O-O
20. Qf3 Rae8 21. Rc4 Bd6 22. Nb6 g6 23. Rd5 f5 24. Qd1 Re6 25. Qb3 Qf7 26. Rd1
f4 27. Bd4 Ng5 28. h4 Ne4 29. Nd5 a5 30. Rc6 Rfe8 31. Re1 Kf8 32. Qc2 Ng3 33.
Rxe6 Qxe6 {#} 34. Nxf4 Qe1+ 35. Kh2 Nf1+ 0-1

[Event "Schwarzacher Open A"]
[Site "Schwarzach"]
[Date "1999.08.28"]
[Round "8.3"]
[White "Brumen, Dinko"]
[Black "Zoler, Dan"]
[Result "1/2-1/2"]
[WhiteElo "2360"]
[BlackElo "2529"]
[PlyCount "98"]
[EventDate "1999.08.??"]

1. d4 Nf6 2. c4 e6 3. Nc3 Bb4 4. e3 O-O 5. Bd3 c5 6. a3 Bxc3+ 7. bxc3 d6 8. Ne2
Nc6 9. O-O e5 10. e4 h6 11. f4 cxd4 12. cxd4 Nxd4 13. Nxd4 Qb6 14. Bc2 exd4 15.
Qd3 Re8 16. Rb1 Qc6 17. Re1 Bf5 18. Qxd4 Bxe4 19. Bxe4 Rxe4 20. Rxe4 Nxe4 21.
Bb2 f6 22. Re1 Re8 23. h3 Qc5 24. Kh2 Qf5 25. Bc1 b6 26. g4 Qe6 27. f5 Qe5+ 28.
Qxe5 Rxe5 29. Bf4 Re8 30. a4 Kf7 31. a5 bxa5 32. Ra1 Rc8 33. Rxa5 Rc7 34. Kg2
Ke7 35. Ra6 Kd7 36. h4 Kc8 37. Kf3 Kb7 38. Ra4 Nc5 39. Ra1 Kc6 40. g5 hxg5 41.
hxg5 fxg5 42. Bxg5 Nd7 43. Be3 Nb6 44. Bd4 Rf7 45. Kf4 Nc8 46. Rg1 Ne7 {#} 47.
Rxg7 Rxg7 48. Bxg7 Nxf5 49. Kxf5 Kc5 1/2-1/2

[Event "Schwarzacher Open A"]
[Site "Schwarzach"]
[Date "1999.08.28"]
[Round "8.4"]
[White "Vigh, Bela"]
[Black "Renner, Christoph"]
[Result "1-0"]
[WhiteElo "2345"]
[BlackElo "2448"]
[PlyCount "81"]
[EventDate "1999.08.??"]

1. d4 f5 2. g3 Nf6 3. Bg2 g6 4. c4 Bg7 5. Nc3 O-O 6. Nf3 c6 7. O-O d6 8. Qb3
Na6 9. Rd1 c5 10. Qc2 Bd7 11. dxc5 Nxc5 12. Nd4 Rc8 13. b3 a6 14. Bb2 b5 15.
cxb5 axb5 16. b4 Na4 17. Qb3+ Kh8 18. Nxa4 bxa4 19. Qd3 Qb6 20. a3 e5 21. Nc2
Bb5 22. Qd2 Ne4 23. Bxe4 fxe4 24. Ne3 Rcd8 25. Rac1 Qa6 26. Rc2 Rd7 27. Nd5 Bc4
28. Rdc1 Bb3 29. Rc7 Rxc7 30. Nxc7 Qb6 31. e3 d5 {#} 32. b5 Rc8 33. Rc6 Qb7 34.
Qc1 Bc4 35. Ne6 Re8 36. Rc7 Qb6 37. Nxg7 Qxc7 38. Nxe8 Qe7 39. b6 Qxe8 40. Qc3
Kg7 41. b7 1-0

[Event "Schwarzacher Open A"]
[Site "Schwarzach"]
[Date "1999.08.28"]
[Round "8.5"]
[White "Ter-Minasjan, Dmitry"]
[Black "Jurkovic, Hrvoje"]
[Result "0-1"]
[WhiteElo "2292"]
[BlackElo "2370"]
[PlyCount "50"]
[EventDate "1999.08.??"]

1. Nf3 Nc6 2. d4 d5 3. Bg5 f6 4. Bh4 Nh6 5. e3 Nf5 6. Bd3 Nxh4 7. Nxh4 g6 8. c4
e5 9. cxd5 Qxd5 10. Nc3 Bb4 11. dxe5 Be6 12. Qd2 Nxe5 13. Nxd5 Bxd2+ 14. Kxd2
Bxd5 15. f4 Nxd3 16. Kxd3 O-O-O 17. Kc3 Rhe8 18. Rhe1 Be4 19. Re2 Rd3+ 20. Kc4
Re6 21. Rd1 {#} 21... Rc6+ 22. Kb4 a5+ 23. Kb5 Rb6+ 24. Kxa5 Bc6 25. e4 Rb5+
0-1

[Event "Schwarzacher Open A"]
[Site "Schwarzach"]
[Date "1999.08.28"]
[Round "8.6"]
[White "Gorbatow, Alexej"]
[Black "Bagaturov, Giorgi"]
[Result "1/2-1/2"]
[WhiteElo "2353"]
[BlackElo "2532"]
[PlyCount "158"]
[EventDate "1999.08.??"]

1. g3 g6 2. Bg2 Bg7 3. c4 d6 4. d4 Nf6 5. Nf3 O-O 6. O-O Nbd7 7. Nc3 e5 8. e4
c6 9. h3 Qb6 10. dxe5 dxe5 11. Qc2 Re8 12. Be3 Qb4 13. Nd2 Nf8 14. a3 Qe7 15.
b4 Ne6 16. Nb3 h5 17. Rfd1 Nh7 18. h4 Nf6 19. f3 Nh7 20. Qf2 a6 21. Na4 f5 22.
Nb6 Rb8 23. exf5 gxf5 24. Nxc8 Rbxc8 25. Bb6 Kh8 26. Ra2 Rg8 27. Rad2 Nhf8 28.
Rd6 Bf6 29. Nc5 Nd4 {#} 30. Nxb7 Bg7 31. Nd8 Nd7 32. R6xd4 exd4 33. Re1 Be5 34.
Bxd4 Rcxd8 35. Bxe5+ Nxe5 36. f4 Nf3+ 37. Bxf3 Qxh4 38. g4 Qxf2+ 39. Kxf2 fxg4
40. Bxc6 Rd2+ 41. Kg1 h4 42. Bd5 Rf8 43. Re5 Rxf4 44. Rh5+ Kg7 45. Rxh4 Rfd4
46. Rh2 Rxh2 47. Kxh2 Kf6 48. a4 Kg5 49. b5 axb5 50. axb5 Rd2+ 51. Kg3 Rd3+ 52.
Kf2 Rb3 53. Bc6 Kf4 54. Bd7 Rb2+ 55. Kf1 Kf3 56. Bc6+ Kg3 57. Bd7 Rf2+ 58. Ke1
Rf4 59. c5 Re4+ 60. Kd2 Rd4+ 61. Kc3 Rxd7 62. b6 Rb7 63. Kc4 Kf3 64. Kb5 Rg7
65. c6 g3 66. c7 g2 67. c8=Q g1=Q 68. Qc3+ Ke4 69. Qc4+ Ke5 70. Qe2+ Kd6 71.
Qd3+ Ke7 72. Qe4+ Kf6 73. Qc6+ Kf7 74. Qd7+ Kf6 75. Qd6+ Kg5 76. Qe5+ Kh4 77.
Qf4+ Rg4 78. Qh6+ Kg3 79. Qd6+ Kh3 1/2-1/2

[Event "Schwarzacher Open A"]
[Site "Schwarzach"]
[Date "1999.08.28"]
[Round "8.7"]
[White "Hanko, Pavol"]
[Black "Meijers, Viesturs"]
[Result "1/2-1/2"]
[WhiteElo "2266"]
[BlackElo "2472"]
[PlyCount "74"]
[EventDate "1999.08.??"]

1. d4 d5 2. Nf3 Nf6 3. c4 e6 4. Nc3 Be7 5. Bg5 O-O 6. e3 b6 7. Be2 Bb7 8. Bxf6
Bxf6 9. cxd5 exd5 10. b4 c6 11. Qb3 a5 12. O-O axb4 13. Qxb4 Nd7 14. Bd3 g6 15.
Qb3 Ra7 16. e4 dxe4 17. Nxe4 Be7 18. Rfd1 Ra3 19. Qb2 Qa8 20. Ne5 Nxe5 21. dxe5
c5 22. f3 Bd5 23. Nf6+ Bxf6 24. exf6 Rxa2 25. Rxa2 Qxa2 26. Qxb6 Qb3 27. Qxb3
Bxb3 28. Rc1 Rc8 {#} 29. Bc4 Bxc4 30. Rxc4 h6 31. Kf2 g5 32. f4 Rc6 33. f5 Kf8
34. Kf3 Ke8 35. Kg4 Kf8 36. Kh5 Rxf6 37. Rxc5 Kg7 1/2-1/2

[Event "Schwarzacher Open A"]
[Site "Schwarzach"]
[Date "1999.08.28"]
[Round "8.8"]
[White "Tratar, Marko"]
[Black "Burger, Andreas"]
[Result "1-0"]
[WhiteElo "2442"]
[BlackElo "2090"]
[PlyCount "53"]
[EventDate "1999.08.??"]

1. Nf3 c5 2. c4 Nc6 3. Nc3 Nf6 4. g3 g6 5. Bg2 Bg7 6. d4 cxd4 7. Nxd4 O-O 8.
O-O Nxd4 9. Qxd4 d6 10. Qd3 Nd7 11. b3 Ne5 12. Qd2 Rb8 13. Bb2 Bd7 14. Rac1 Bc6
15. Nd5 a6 16. Rfd1 Re8 17. Bc3 h5 {#} 18. c5 dxc5 19. Qb2 Qd6 20. f4 Ng4 21.
Bxg7 Qe6 22. Be5 Rbc8 23. h3 f6 24. hxg4 fxe5 25. gxh5 Qg4 26. Qxe5 gxh5 27.
Kf2 1-0

[Event "Schwarzacher Open A"]
[Site "Schwarzach"]
[Date "1999.08.28"]
[Round "8.9"]
[White "Staller, Peter"]
[Black "Piven, Igor"]
[Result "1/2-1/2"]
[WhiteElo "2310"]
[BlackElo "2387"]
[PlyCount "48"]
[EventDate "1999.08.??"]

1. Nf3 Nf6 2. d4 d5 3. c3 Bf5 4. Bf4 e6 5. e3 Be7 6. h3 O-O 7. Be2 c5 8. O-O
Qb6 9. Qb3 c4 10. Qxb6 axb6 11. Nbd2 b5 12. a3 Nfd7 13. Ne5 f6 14. Nxd7 Nxd7
15. Bf3 Bd3 16. Rfe1 f5 17. g4 g5 18. Bh2 Nf6 19. gxf5 exf5 20. Bg2 h6 21. Nf3
Be4 22. Ne5 Bxg2 23. Kxg2 Kg7 24. Rac1 Ra6 1/2-1/2

[Event "Schwarzacher Open A"]
[Site "Schwarzach"]
[Date "1999.08.28"]
[Round "8.10"]
[White "Wolter, Michael"]
[Black "Hardicsay, Peter"]
[Result "1/2-1/2"]
[WhiteElo "2212"]
[BlackElo "2304"]
[PlyCount "40"]
[EventDate "1999.08.??"]

1. Nf3 Nf6 2. c4 g6 3. g3 Bg7 4. Bg2 O-O 5. O-O d5 6. d4 dxc4 7. Na3 c3 8. bxc3
c5 9. e3 Nc6 10. Qe2 Rb8 11. Bb2 Bf5 12. Rfd1 cxd4 13. cxd4 Be4 14. Nc4 Nb4 15.
a3 Nbd5 16. Bf1 Nb6 17. Nfd2 Na4 18. Nxe4 Nxe4 19. Qc2 Nxb2 20. Nxb2 Nd6
1/2-1/2

[Event "Schwarzacher Open A"]
[Site "Schwarzach"]
[Date "1999.08.28"]
[Round "8.11"]
[White "Schmidlechner, Alexander"]
[Black "Soln, Primoz"]
[Result "0-1"]
[WhiteElo "2164"]
[BlackElo "2411"]
[PlyCount "82"]
[EventDate "1999.08.??"]

1. d4 d6 2. e4 Nf6 3. Nc3 g6 4. Nge2 Nbd7 5. g3 c5 6. Bg2 cxd4 7. Nxd4 Bg7 8.
O-O O-O 9. Be3 Ne5 10. h3 Bd7 11. b3 Qc8 12. Nd5 Nxd5 13. exd5 Bxh3 14. Qd2
Bxg2 15. Kxg2 Ng4 16. Rh1 Nxe3+ 17. Qxe3 {#} 17... Qc5 18. Rad1 Qxd5+ 19. Nf3
Qe6 20. Qxe6 fxe6 21. Ng5 Rf5 22. Nxe6 Re5 23. Rhe1 Rxe1 24. Rxe1 Bf6 25. c4
Kf7 26. g4 Rc8 27. Re2 h5 28. gxh5 gxh5 29. Nf4 Rg8+ 30. Kf3 Rg5 31. Nh3 Rf5+
32. Kg2 b5 33. Re4 bxc4 34. Rxc4 d5 35. Rc5 Bd4 36. Ra5 Bb6 37. Rb5 Kf6 38. a4
d4 39. Rb4 d3 40. Kf1 Re5 41. Rf4+ Kg7 0-1

[Event "Schwarzacher Open A"]
[Site "Schwarzach"]
[Date "1999.08.28"]
[Round "8.12"]
[White "Martin, Andreas"]
[Black "Dittmar, Peter"]
[Result "0-1"]
[WhiteElo "2163"]
[BlackElo "2363"]
[PlyCount "100"]
[EventDate "1999.08.??"]

1. c4 e6 2. Nf3 d5 3. g3 Nf6 4. Bg2 Be7 5. d4 O-O 6. Nbd2 c5 7. cxd5 exd5 8.
dxc5 Bxc5 9. O-O Nc6 10. Nb3 Bb6 11. Nbd4 Ne4 12. Be3 Re8 13. Rc1 Qf6 14. Qd3
Bg4 15. Nxc6 bxc6 16. Bd4 Qh6 17. Rfd1 Rad8 18. Rc2 c5 19. Be3 c4 20. Qa3 {#}
20... Bxe3 21. Qxe3 Qxe3 22. fxe3 Nf6 23. h3 Bf5 24. Rc3 Ne4 25. Ra3 Nxg3 26.
Nd4 Be4 27. Kf2 Bxg2 28. Kxg3 Be4 29. Rxa7 Rd6 30. Rf1 Rg6+ 31. Kf2 Bg2 32. Rg1
Bxh3 33. Rxg6 hxg6 34. Ra5 Be6 35. a4 Rc8 36. Ra7 Rb8 37. a5 Rxb2 38. a6 Ra2
39. Nb5 Kh7 40. Ra8 Bd7 41. Nd4 g5 42. Rd8 Be6 43. Ra8 Kg6 44. Nb5 Bd7 45. Nc3
Bc6 46. Ra7 Ra3 47. Nb1 Ra1 48. Nc3 Kf6 49. Kg3 Ra3 50. Nd1 Bb5 0-1

[Event "Schwarzacher Open A"]
[Site "Schwarzach"]
[Date "1999.08.28"]
[Round "8.13"]
[White "Kjeld, Matthias"]
[Black "Rolletschek, Heinrich"]
[Result "0-1"]
[WhiteElo "2145"]
[BlackElo "2291"]
[PlyCount "70"]
[EventDate "1999.08.??"]

1. d4 d6 2. c4 g6 3. g3 Bg7 4. Bg2 f5 5. Nc3 Nf6 6. Bg5 c6 7. Qd2 e5 8. dxe5
dxe5 9. Qxd8+ Kxd8 10. e4 Be6 11. b3 Nbd7 12. Nge2 Kc7 13. O-O Rad8 14. Rad1
14... Nc5 15. Be3 Ncxe4 16. Nxe4 Nxe4 17. Bxe4 fxe4 18. Nc3 b6 19. Nxe4 Bg4 20.
Rxd8 Rxd8 21. Ng5 h5 22. f4 exf4 23. Rxf4 Rd1+ 24. Kg2 Be5 25. Rf7+ Rd7 26. Rf8
Re7 27. Bf2 Bf5 28. c5 Bg7 29. Rg8 Bf6 30. h4 {#} 30... Re2 31. Kg1 Rxa2 32.
Be3 bxc5 33. Bxc5 Be5 34. Nf3 Bxg3 35. Nd4 Bf2+ 0-1